Logo BPK

Biblioteka

Politechniki Koszalińskiej

Elastic and granular properties of two-dimensional hard needles / (Rekord nr 53286)

Szczegóły MARC
000 -ETYKIETA REKORDU
podpole kontrolne o stałej długości 00898nam a2200241 i 4500
001 - NUMER KONTROLNY REKORDU
pole kontrolne bg
040 ## - ŹRÓDŁO KATALOGOWANIA
Instytucja, która utworzyła rekord BPK
041 0# - KOD JĘZYKA
Kod języka streszczenia lub abstraktu engfra
041 ## - KOD JĘZYKA
Kod języka tekstu pol
080 ## - UNIWERSALNA KLASYFIKACJA DZIESIĘTNA - UKD
UKD 539.19:538.91
008 - POLE O STAŁEJ DŁUGOŚCI - DANE KONTROLNE
podpole kontrolne o stałej długości s pl f |000 0 pol
100 1# - NAZWA OSOBOWA
Nazwa osobowa CHRZANOWSKA, Agnieszka
245 10 - TYTUŁ/ODPOWIEDZIALNOŚĆ
Tytuł Elastic and granular properties of two-dimensional hard needles /
Pozostałe elementy strefy tytułu i oznaczenia odpowiedzialności Agnieszka Chrzanowska ; Politechnika im. Tadeusza Kościuszki.
260 ## - STREFA ADRESU WYDAWNICZEGO
Miejsce wydania Kraków :
Nazwa wydawcy/dystrybutora Wydawnictwo PK,
Data publikacji, dystrybucji/powstania dokumentu 2006.
300 ## - STREFA OPISU FIZYCZNEGO
Objętość 173 s. :
Inne cechy fizyczne rys., wykr. ;
Rozmiary 24 cm.
490 1# - STREFA SERII I DOKUMENTU WIELOCZĘŚCIOWEGO - FORMA NIE DO WYSZUKIWANIA
Tytuł i oznaczenie odpowiedzialności serii Monografia / Politechnika Krakowska im. Tadeusza Kościuszki. Podstawowe Nauki Techniczne
500 ## - UWAGI OGÓLNE
Tekst uwagi Streszcz. ang., franc., pol.
500 ## - UWAGI OGÓLNE
Tekst uwagi ISSN i numeracja serii gł.: 0860-097X, 335.
504 ## - UWAGA DOTYCZĄCA BIBLIOGRAFII
Informacje o bibliografii Bibliogr.
650 #9 - HASŁO PRZEDMIOTOWE W FORMIE NAZWY OGÓLNEJ LUB JEDNOSTKOWEJ
Nazwa ogólna lub geograficzna Fizyka molekularna
830 #0 - HASŁO DODATKOWE SERII LUB DOKUMENTU WIELOCZĘŚCIOWEGO - TYTUŁ UJEDNOLICONY
Tytuł ujednolicony Monografia (Politechnika Krakowska im. Tadeusza Kościuszki).
Nazwa części/sekcji dzieła Podstawowe Nauki Techniczne
856 ## - LOKALIZACJA I DOSTĘP DO ELEKTRONICZNYCH DOKUMENTÓW ZDALNYCH
Link (URL) http://koha.tu.koszalin.pl/cgi-bin/koha/opac-detail.pl?biblionumber=53286
Tekst linku Katalog online BPK
942 ## - DODATKOWE ELEMENTY (KOHA)
Typ dokumentu Książka
Egzemplarze
Wycofany Status egzemplarza Uszkodzony Dostępność Lokalizacja stała Lokalizacja bieżąca Miejsce przechowywania Sygnatura Kod kreskowy Typ dokumentu
      Dostępny Biblioteka Politechniki Koszalińskiej Biblioteka Politechniki Koszalińskiej Wypożyczalnia BG 83113 02368160 Książka
© 2023 Biblioteka Politechniki Koszalińskiej :: KOHA